Harry Potter S-P-O-R-C-L-E Challenge Quiz Stats

 Plays Quiz Updated Jul 15, 2017

Support Sporcle.
Go Orange.
Score 0/80 Timer 15:00
0 Plays Today
% Correct
Accio
93.4%
Expecto patronum
89.7%
Luna Lovegood
88.6%
Crucio
88.2%
Expelliarmus
87%
Cedric Diggory
86.8%
Colin Creevey
86.6%
Harry Potter
85.7%
Cho Chang
85.7%
Oliver Wood
83.3%
Hogwarts Express
82.4%
Philosopher's stone
81.9%
Dolores Umbridge
81%
Lord Voldemort
78.2%
Resurrection stone
78%
Peter Pettigrew
77.9%
Levicorpus
77.4%
Sectumsempra
76.8%
Severus Snape
74.9%
Bellatrix Lestrange
74.8%
Floo powder
72.5%
Potions
72.5%
Remus Lupin
72.3%
Care of Magical Creatures
70.6%
Draco Malfoy
70.4%
Ollivanders Wand Shop
70.3%
Defence Against the Dark Arts
70%
Charms
69.4%
Hermione Granger
68.7%
Rita Skeeter
68%
Gilderoy Lockhart
66.7%
Horace Slughorn
66.3%
Imperio
66.2%
Reducto
65.4%
Poppy Pomfrey
65%
Cornelius Fudge
64%
Lavender Brown
63.1%
Godric's Hollow
62.2%
Pomona Sprout
61.7%
Neville Longbottom
61.3%
% Correct
The Three Broomsticks
61.1%
Barty Crouch Jr.
60.4%
Alecto Carrow
60%
Transfiguration
58.6%
Petrificus totalus
56.4%
Herbology
56.4%
Fleur Delacour
56.2%
Rufus Scrimgeour
55.3%
The Leaky Cauldron
53.8%
Sybill Trelawney
53.2%
Molly Weasley
53%
History of Magic
51%
Susan Bones
50%
Eeylops Owl Emporium
48%
Pius Thicknesse
47.9%
Rolanda Hooch
47.7%
Astronomy
47.4%
Horcrux
46.3%
Flourish & Blotts
45.6%
Stupefy
43.8%
Diagon Alley
43.5%
The Daily Prophet
43.4%
Sorting hat
43%
Petunia Dursley
42.5%
Olympe Maxime
40.8%
Muggle Studies
40.2%
Spinner's End
39.8%
Apparition
39.7%
Rubeus Hagrid
39.2%
Marauder's Map
35%
Aberforth Dumbledore
34.6%
Goblet of Fire
34.3%
Reginald Cattermole
31.2%
Honeydukes Sweetshop
29.2%
Fenrir Greyback
28.4%
Shrieking Shack
27.8%
Helena Ravenclaw
26.2%
Igor Karkaroff
24.2%
Phineas Nigellus Black
16.7%
Golden snitch
12.2%

You're not logged in!

Compare scores with friends on all Sporcle quizzes.
OR
Log In
Forgot?

From the Vault

Uncertain US Presidents

by Thebiguglyalien

Presidencies certainly come with many uncertainties.
Remove Ads.
Support Sporcle.
Get the best of Sporcle when you Go Orange. This ad-free experience offers more features, more stats, and more fun while also helping to support Sporcle. Thank you for becoming a member.

Show Comments

Extras

Top Quizzes Today


Score Distribution

Your Account Isn't Verified!

In order to create a playlist on Sporcle, you need to verify the email address you used during registration. Go to your Sporcle Settings to finish the process.

Report this User

Report this user for behavior that violates our Community Guidelines.

Details: